| 000 | 00854nam a2200277 i 4500 | ||
|---|---|---|---|
| 001 | bg | ||
| 100 | 1 | _aMASTALSKI, Ryszard | |
| 245 | 1 | 0 |
_aPrawo podatkowe II : _bczęść szczegółowa / _cRyszard Mastalski. |
| 260 |
_aWarszawa : _bC. H. Beck, _c1996. |
||
| 300 |
_a278 s. ; _c21 cm. |
||
| 490 | 1 | _aPodręczniki Prawnicze | |
| 500 | _aKontynuacja oprac. Wprowadzenie do prawa podatkowego. | ||
| 504 | _aBibliogr. s. 14 i przy rozdz. - Indeks. | ||
| 650 | 9 |
_aPodatek _xprawo _zPolska _y1996 r. |
|
| 655 | _aPodręczniki akademickie | ||
| 830 | _aPodręczniki Prawnicze | ||
| 020 | _a8371100760 | ||
| 020 | _a3406417043 (Niemcy) | ||
| 040 | _cBPK | ||
| 041 | 0 | _apl | |
| 080 | _a342.951:351.72:336.2](438)(075.8) | ||
| 920 | _a83-7110-076-0 | ||
| 920 | _a3-406-41704-3 (Niemcy) | ||
| 942 | _cKS | ||
| 008 | s pl f |000 0 pol | ||
| 999 |
_c25150 _d25150 |
||
| 856 |
_uhttp://koha.tu.koszalin.pl/cgi-bin/koha/opac-detail.pl?biblionumber=25150 _yKatalog online BPK |
||